<?xml version="1.0" encoding="UTF-8"?>
<record
    xmlns:xsi="http://www.w3.org/2001/XMLSchema-instance"
    xsi:schemaLocation="http://www.loc.gov/MARC21/slim http://www.loc.gov/standards/marcxml/schema/MARC21slim.xsd"
    xmlns="http://www.loc.gov/MARC21/slim">

  <leader>02351cam a22003617a 4500</leader>
  <datafield tag="999" ind1=" " ind2=" ">
    <subfield code="c">27040</subfield>
    <subfield code="d">27040</subfield>
  </datafield>
  <controlfield tag="001">13443929</controlfield>
  <controlfield tag="003">OSt</controlfield>
  <controlfield tag="005">20170207105850.0</controlfield>
  <controlfield tag="008">031224s2003    nyua     bc   001 0deng  </controlfield>
  <datafield tag="010" ind1=" " ind2=" ">
    <subfield code="a">  2003536801</subfield>
  </datafield>
  <datafield tag="020" ind1=" " ind2=" ">
    <subfield code="a">0870702424 (paper)</subfield>
  </datafield>
  <datafield tag="020" ind1=" " ind2=" ">
    <subfield code="a">0870702416 (cl.)</subfield>
  </datafield>
  <datafield tag="035" ind1=" " ind2=" ">
    <subfield code="a">(OCoLC)ocm52300793</subfield>
  </datafield>
  <datafield tag="040" ind1=" " ind2=" ">
    <subfield code="a">RSG</subfield>
    <subfield code="c">RSG</subfield>
    <subfield code="d">SMI</subfield>
    <subfield code="d">CAD</subfield>
    <subfield code="d">SYB</subfield>
    <subfield code="d">WCM</subfield>
    <subfield code="d">DLC</subfield>
  </datafield>
  <datafield tag="042" ind1=" " ind2=" ">
    <subfield code="a">lccopycat</subfield>
  </datafield>
  <datafield tag="050" ind1="0" ind2="0">
    <subfield code="a">N6888.B4</subfield>
    <subfield code="b">A4 2003</subfield>
  </datafield>
  <datafield tag="082" ind1="0" ind2="0">
    <subfield code="a">709/.2</subfield>
    <subfield code="2">22</subfield>
  </datafield>
  <datafield tag="100" ind1="1" ind2=" ">
    <subfield code="a">Beckmann, Max,</subfield>
    <subfield code="d">1884-1950.</subfield>
  </datafield>
  <datafield tag="245" ind1="1" ind2="0">
    <subfield code="a">Max Beckmann /</subfield>
    <subfield code="c">edited by Sean Rainbird.</subfield>
  </datafield>
  <datafield tag="260" ind1=" " ind2=" ">
    <subfield code="a">[New York] :</subfield>
    <subfield code="b">Museum of Modern Art :</subfield>
    <subfield code="b">Distributed in the United States and Canada by D.A.P./Distributed Art Publishers,</subfield>
    <subfield code="c">c2003.</subfield>
  </datafield>
  <datafield tag="300" ind1=" " ind2=" ">
    <subfield code="a">293 p. :</subfield>
    <subfield code="b">ill. (some col.) ;</subfield>
    <subfield code="c">28 cm.</subfield>
  </datafield>
  <datafield tag="500" ind1=" " ind2=" ">
    <subfield code="a">Catalog of an exhibition held at Centre Georges Pompidou, Paris, Sept. 10, 2002-Jan. 6, 2003, Tate Modern, London, Feb. 12-May 5, 2003, MoMA QNS, New York, June 25-Sept. 30, 2003.</subfield>
  </datafield>
  <datafield tag="504" ind1=" " ind2=" ">
    <subfield code="a">Includes bibliographical references (p. 284-285) and index.</subfield>
  </datafield>
  <datafield tag="505" ind1="0" ind2="0">
    <subfield code="g">The</subfield>
    <subfield code="t">Beckmann effect /</subfield>
    <subfield code="r">Robert Storr --</subfield>
    <subfield code="t">Images of the times in Beckmann's early work /</subfield>
    <subfield code="r">Sean Rainbird --</subfield>
    <subfield code="t">Beckmann's Frankfurt cityscapes : concepts of space /</subfield>
    <subfield code="r">Susanne Bieber --</subfield>
    <subfield code="g">The</subfield>
    <subfield code="t">painter at the beach : Beckmann's Italian paintings /</subfield>
    <subfield code="r">Nina Peter --</subfield>
    <subfield code="t">Beckmann and the triptych : a sacred form in the context of modernism /</subfield>
    <subfield code="r">Anette Kruszynski --</subfield>
    <subfield code="t">Beckmann's lucid somnambulism /</subfield>
    <subfield code="r">Didier Ottinger --</subfield>
    <subfield code="t">Leon Golub on Beckmann --</subfield>
    <subfield code="g">A</subfield>
    <subfield code="t">gathering storm : Max Beckmann and cultural politics 1925-38 /</subfield>
    <subfield code="r">Sean Rainbird --</subfield>
    <subfield code="t">Wallenstein in red /</subfield>
    <subfield code="r">Barbara Copeland Buenger --</subfield>
    <subfield code="t">Beckmann's Death /</subfield>
    <subfield code="r">William Kentridge --</subfield>
    <subfield code="t">Beckmann : exile in Amsterdam 1937-47 /</subfield>
    <subfield code="r">Jill Lloyd --</subfield>
    <subfield code="t">Boston, Beckmann and after /</subfield>
    <subfield code="r">Ellsworth Kelly --</subfield>
    <subfield code="t">Poetics of space : Beckmann's Falling Man /</subfield>
    <subfield code="r">Charles W. Haxthausen.</subfield>
  </datafield>
  <datafield tag="600" ind1="1" ind2="0">
    <subfield code="a">Beckmann, Max,</subfield>
    <subfield code="d">1884-1950</subfield>
    <subfield code="v">Exhibitions.</subfield>
  </datafield>
  <datafield tag="600" ind1="1" ind2="0">
    <subfield code="a">Beckmann, Max,</subfield>
    <subfield code="d">1884-1950</subfield>
    <subfield code="x">Criticism and interpretation.</subfield>
  </datafield>
  <datafield tag="700" ind1="1" ind2=" ">
    <subfield code="a">Rainbird, Sean.</subfield>
  </datafield>
  <datafield tag="710" ind1="2" ind2=" ">
    <subfield code="a">Museum of Modern Art (New York, N.Y.)</subfield>
  </datafield>
  <datafield tag="710" ind1="2" ind2=" ">
    <subfield code="a">Centre Georges Pompidou.</subfield>
  </datafield>
  <datafield tag="710" ind1="2" ind2=" ">
    <subfield code="a">Tate Modern (Gallery)</subfield>
  </datafield>
  <datafield tag="906" ind1=" " ind2=" ">
    <subfield code="a">7</subfield>
    <subfield code="b">cbc</subfield>
    <subfield code="c">copycat</subfield>
    <subfield code="d">2</subfield>
    <subfield code="e">ncip</subfield>
    <subfield code="f">20</subfield>
    <subfield code="g">y-gencatlg</subfield>
  </datafield>
  <datafield tag="942" ind1=" " ind2=" ">
    <subfield code="2">lcc</subfield>
    <subfield code="c">BOOKS</subfield>
    <subfield code="h">N 6888 .B4A4 2003</subfield>
  </datafield>
  <datafield tag="952" ind1=" " ind2=" ">
    <subfield code="0">0</subfield>
    <subfield code="1">0</subfield>
    <subfield code="2">lcc</subfield>
    <subfield code="4">0</subfield>
    <subfield code="7">0</subfield>
    <subfield code="a">MUC</subfield>
    <subfield code="b">MUC</subfield>
    <subfield code="c">TECH</subfield>
    <subfield code="d">2017-02-07</subfield>
    <subfield code="e">Donation (BFA)</subfield>
    <subfield code="l">0</subfield>
    <subfield code="o">N 6888 .B4A4 2003</subfield>
    <subfield code="p">34643</subfield>
    <subfield code="r">2018-07-12</subfield>
    <subfield code="w">2017-02-07</subfield>
    <subfield code="y">BOOKS</subfield>
  </datafield>
</record>
